|
|
|
|
| LEADER |
00710nta a2200205 i 4500 |
| 001 |
dokt7740 |
| 005 |
20220928144932.0 |
| 008 |
220928s1978 hu om 0|| hun d |
| 040 |
|
|
|a SZTE Doktori Repozitórium
|b hun
|
| 041 |
|
|
|a hun
|
| 100 |
1 |
|
|a Fülöp Ferenc
|
| 245 |
1 |
0 |
|a Nitrogénhídfős heterociklusok szintézise gyógyszerkémiai célkitűzésekkel
|h [elektronikus dokumentum] /
|c Fülöp Ferenc
|
| 260 |
|
|
|c 1978
|
| 502 |
|
|
|a Disszertacio
|
| 650 |
|
4 |
|a kémiai tudományok
|
| 650 |
|
4 |
|a Természettudományok
|
| 650 |
|
4 |
|a Kémiai tudományok
|
| 695 |
|
|
|a Szerves kémia
|
| 700 |
1 |
|
|a Bernáth Gábor
|e ths
|
| 856 |
4 |
0 |
|u https://doktori.bibl.u-szeged.hu/id/eprint/7740/1/1978_fulop_ferenc.pdf
|z Dokumentum-elérés
|